Cities that End in Y - Statistics

General Stats
  • This quiz has been taken 24 times
  • The average score is 13 of 24
Answer Stats
Hint Answer % Correct
Known for its opera house. Sydney
90%
Largest city in North America. Mexico City
86%
Makes up 100% of its country. Vatican City
76%
Most populous urban area in Central America Guatemala City
71%
Capital of Niger Niamey
71%
Capital of Guinea Conakry
67%
Also known as Saigon Ho Chi Minh City
67%
Biggest city in Missouri. Kansas City
67%
Rust belt city of Indiana. Gary
62%
Home of the Packers. Green Bay
62%
Capital of Papua New Guinea Port Moresby
62%
City founded by Brigham Young and his followers. Salt Lake City
62%
Technically larger than Manila. Quezon City
57%
Important to the Civil Rights Movement. Montgomery
52%
City in Central America, or city in Florida. Panama City
52%
Very French city in Canada. Quebec City
52%
Home of NBA team "Thunder". Oklahoma City
48%
2018 and 2019 winner of most livable city in North America Calgary
38%
Part of the New York metro area. Jersey City
33%
Capital of Neuvo Leon. Monterrey
33%
City in Grand Est Nancy
29%
Central Sri Lankan city. Kandy
24%
Located on the San Francisco Bay Berkeley
14%
Capital of Anguilla. The Valley
10%
No matching quizzes found
Score Distribution
Percent of People with Each Score
Percentile by Number Answered
Your Score History
You have not taken this quiz